Manila A-Z - Statistics

General Stats
  • This quiz has been taken 16 times
  • The average score is 9 of 26
Answer Stats
Hint Answer % Correct
The oldest Chinatown in the world, located in Manila. Binondo
100%
A historic fort located in Intramuros, Manila, and a key site in Philippine history. Fort Santiago
79%
The walled city at the heart of Manila, rich with Spanish-era architecture and history. Intramuros
79%
The national hero and revolutionary leader whose statue stands prominently in Manila. Andres Bonifacio
71%
A bustling shopping district famous for its bargain goods and wholesale items. Divisoria
71%
A historical park where the Philippine national hero, Dr. José Rizal, was executed. Luneta Park
71%
A district famous for its bustling markets, street food, and the Quiapo Church, home to the Black Nazarene. Quiapo
71%
Famous for its beautiful sunset views and a critical body of water surrounding the city. Manila Bay
50%
A popular bus company operating routes to and from Manila, particularly to the northern parts of the country. Victory Liner
43%
A district known for its historical significance and proximity to Rizal Park. Ermita
36%
A national landmark in Rizal Park, commemorating Dr. José Rizal’s execution. Rizal Monument
36%
The sister city of Manila in China, with historical ties that go back centuries. Xiamen
36%
An iconic bridge in Manila, connecting Binondo and Ermita, named after an American senator. Jones Bridge
29%
One of the oldest and most respected public hospitals in the city. Ospital ng Maynila
21%
A historical district, once known for being a commercial hub, now an important urban area in Manila. Tondo
21%
A prominent venue for trade fairs, conferences, and exhibitions. World Trade Center
21%
A museum in Makati, near Manila, dedicated to Philippine art and culture, with contributions from the Yuchengco family. Yuchengco Museum
21%
A historic luxury hotel and landmark that has hosted many world leaders and celebrities. Hotel Manila
14%
An extensive museum complex showcasing Filipino history, culture, and art. National Museum of the Philippines
14%
A UNESCO World Heritage Site and one of the oldest stone churches in the Philippines. San Agustin Church
14%
The main entrance to the Rizal Park, often seen as a symbol of Manila's rich history. Gate 1
7%
A celebrated Filipino artist whose works can be seen in galleries across Manila. Pacita Abad
7%
A prominent venue for the performing arts located in Pasay City, near Manila. Cultural Center of the Philippines (CCP)
0%
A historical building in the heart of Intramuros that houses the presidential office during the Spanish colonial period. Kalayaan Hall
0%
The oldest university in Asia, located in Manila. University of Santo Tomas (UST)
0%
A traditional Spanish square in the Intramuros district, hosting local events and performances. Zócalo
0%
No matching quizzes found
Score Distribution
Percent of People with Each Score
Percentile by Number Answered
Your Score History
You have not taken this quiz